00316pab a2200121 454500008004000000100001800040245004900058260000900107300001300116362001100129650002000140773003400160180718b2012 xxu||||| |||| 00| 0 eng d aBaru, Rama V. aA limiting perspective on universal coverage c2012 ap.64-66. a25 Feb aHealth services aEconomic and Political Weekly